000 00442nam a22001697a 4500
005 20180305120314.0
008 160525b xxu||||| |||| 00| 0 eng d
020 _a0-07-054088-8
041 _aeng
082 _b4820
_a332
100 _aGrinblat, Mark & titman Sharidan
_91203
245 _aFinancial Markets and Corporate Strategy
260 _aNew Delhi
_bAcademic Faundation
300 _a854
650 _aManagement
_9241
942 _cBK
999 _c1650
_d1649